000 00340 a2200157 4500
001 191135
020 _a978-85-360-1162-2
040 _cMagnum
100 _aAguiar, Luiz Antonio
240 1 0 _aSonetos nas trevas
_lpor
245 1 0 _aSonetos nas trevas
300 _a152
362 0 _a2013
697 _aLITERATURA JUVENIL
942 _cBK
999 _c191135
_d191135